000 00705nam a2200193 4500
001 122464
003 ES-MaACL
005 20230906192001.0
007 t|
008 070214s1934 sp r ||||1| spa d
100 1 _aPuelles y Puelles, Antonio Mª.
_994135
245 1 3 _aLa dote social :
_bmonografía de derecho constituyente : tesis doctoral /
_cAntonio Mª Puelles y Puelles.
260 _aMadrid :
_b[s.n.],
_c1934 (
_eCádiz :
_fEscuela Tip. Salesiana)
300 _a37 p. ;
_c17 cm.
502 _aTesis doctoral-Univ. de Madrid, Facultad de Derecho, 1914.
650 4 _aDote-
_zEspaña.
_9173576
710 2 _aUniversidad de Madrid.
_bFacultad de Derecho.
_97212
852 _aES-MaACL
_j1789-F-11
999 _c122464
_d122464